000
00361nam a2200145 a 4500
005
20140414093839.0
008
050820s19uu xx 00 eng d
050
_a
CD 780
_b
Ave 1998
100
_a
Avex Trax
245
_a
The best of 90's party album.
260
_c
c1998.
_b
Universal Records,
650
_a
Popular music.
942
_c
AVM
999
_c
109205
_d
109205